[Event "EU-ch (Women) 11th"]
[Site "Rijeka"]
[Date "2010.03.07"]
[Round "2.63"]
[White "Baciu, Diana"]
[Black "Semenova, Irina"]
[Result "0-1"]
[WhiteElo "2146"]
[BlackElo "2272"]
[PlyCount "92"]
[EventDate "2010.03.06"]
[EventType "swiss"]
[EventRounds "11"]
[EventCountry "CRO"]
[SourceDate "2010.03.06"]

1. e4 e5 2. Nf3 Nc6 3. Bc4 Nf6 4. d3 h6 5. O-O d6 6. c3 g6 7. d4 Qe7 8. Re1 Bg7
9. Nbd2 O-O 10. h3 Nh7 11. Nf1 Ng5 12. Bxg5 hxg5 13. Ne3 Kh8 14. Qd2 f6 15.
Rad1 Bh6 16. Ng4 Bg7 17. Ne3 Na5 18. Bd3 Nc6 19. Bc2 Nd8 20. Kh2 Be6 21. b3 Rc8
22. a4 Nf7 23. b4 Nh6 24. Qe2 f5 25. exf5 gxf5 26. dxe5 dxe5 27. Nd5 Bxd5 28.
Rxd5 e4 29. Qd2 Rcd8 30. Rxd8 Rxd8 31. Nd4 g4 32. g3 gxh3 33. Qf4 Ng4+ 34. Kxh3
Bxd4 35. cxd4 Qh7+ 36. Kg2 Qh2+ 37. Kf1 e3 38. Bxf5 exf2 39. Rd1 Re8 40. Be4
Qg1+ 41. Ke2 Rxe4+ 42. Qxe4 Qxd1+ 43. Kxd1 f1=Q+ 44. Kd2 Qf2+ 45. Kd3 Qxg3+ 46.
Kc4 Ne3+ 0-1

[Event "EU-ch (Women) 11th"]
[Site "Rijeka"]
[Date "2010.03.07"]
[Round "2.64"]
[White "Mamedjarova, Turkan"]
[Black "Kharatyan, Anahit"]
[Result "1-0"]
[WhiteElo "2269"]
[BlackElo "2117"]
[PlyCount "142"]
[EventDate "2010.03.06"]
[EventType "swiss"]
[EventRounds "11"]
[EventCountry "CRO"]
[SourceDate "2010.03.06"]

1. e4 e5 2. Nf3 Nc6 3. Bb5 d6 4. O-O Bg4 5. c3 Nge7 6. d4 a6 7. Bc4 Bh5 8. Bg5
h6 9. Bh4 g5 10. Bg3 Bg7 11. d5 Nb8 12. Be2 Nd7 13. Nbd2 f5 14. exf5 Nxd5 15.
Nd4 Bxe2 16. Qxe2 Nc5 17. b4 Nxc3 18. Qe3 Nd5 19. Qf3 Nxb4 20. Ne6 Nxe6 21.
fxe6 Rf8 22. Qe4 Rf6 23. Qxb4 b5 24. Qe4 Rxe6 25. Qd5 Kf7 26. Rac1 c5 27. Ne4
Rc8 28. Rfd1 Ke7 29. h4 Qc7 30. hxg5 Qc6 31. Qd3 c4 32. Qe2 d5 33. Nf6 d4 34.
Nh5 Bh8 35. g6 Rxg6 36. Rxd4 Kf7 37. Re4 Rg5 38. Bh4 Rg6 39. Ng3 Qe6 40. Rc3
Kg8 41. Kh2 Rc5 42. a4 Rd5 43. axb5 axb5 44. Ra3 Rd4 45. Ra8+ Kh7 46. Qh5 Rd3
47. Qe2 Rb3 48. Ra7+ Bg7 49. Nh5 Rxg2+ 50. Kxg2 Qh3+ 51. Kg1 Rb1+ 52. Qe1 Rxe1+
53. Rxe1 Qg4+ 54. Ng3 Kg8 55. Kg2 c3 56. Rc7 c2 57. Ra1 e4 58. Ra8+ Kh7 59.
Raa7 b4 60. Rab7 b3 61. Rxb3 Qxh4 62. Rxc2 Qe7 63. Re3 h5 64. Rxe4 Qg5 65. Kh3
Bf6 66. Rc7+ Kg6 67. Re8 Qd5 68. Re4 h4 69. Rg4+ Kh6 70. Rf4 Qe6+ 71. Nf5+ Kg5
1-0

[Event "EU-ch (Women) 11th"]
[Site "Rijeka"]
[Date "2010.03.07"]
[Round "2.65"]
[White "Nemcova, Katerina"]
[Black "Berke, Ana"]
[Result "0-1"]
[WhiteElo "2264"]
[BlackElo "2097"]
[PlyCount "84"]
[EventDate "2010.03.06"]
[EventType "swiss"]
[EventRounds "11"]
[EventCountry "CRO"]
[SourceDate "2010.03.06"]

1. e4 e5 2. d4 exd4 3. Qxd4 Nc6 4. Qe3 g6 5. Nc3 Bg7 6. Bd3 d6 7. Nge2 Nf6 8.
f3 O-O 9. Qg1 Re8 10. Bg5 h6 11. Bh4 Be6 12. a3 Rb8 13. g4 Ne5 14. Qg2 c5 15.
Nf4 c4 16. Nxe6 Rxe6 17. Be2 b5 18. O-O g5 19. Bg3 Ng6 20. Rfd1 Qd7 21. a4 a6
22. axb5 axb5 23. Ra5 Qc7 24. Rda1 Nf4 25. Qf1 Re5 26. Bf2 b4 27. Ra7 Rb7 28.
Rxb7 Qxb7 29. Ra7 Qc6 30. Nd1 d5 31. Ra5 Nd7 32. exd5 Nxe2+ 33. Qxe2 Qf6 34.
Ne3 c3 35. b3 Re8 36. Kg2 Qd4 37. Qb5 Rxe3 38. Qxd7 Re2 39. Ra8+ Bf8 40. Rxf8+
Kxf8 41. Qd6+ Kg7 42. Qg3 Rxc2 0-1

[Event "EU-ch (Women) 11th"]
[Site "Rijeka"]
[Date "2010.03.07"]
[Round "2.66"]
[White "Brunello, Roberta"]
[Black "Papp, Petra"]
[Result "0-1"]
[WhiteElo "2043"]
[BlackElo "2263"]
[PlyCount "164"]
[EventDate "2010.03.06"]
[EventType "swiss"]
[EventRounds "11"]
[EventCountry "CRO"]
[SourceDate "2010.03.06"]

1. e4 e5 2. Nf3 Nc6 3. d4 exd4 4. Nxd4 Bc5 5. Be3 Qf6 6. c3 Nge7 7. Bc4 Ne5 8.
Be2 Qg6 9. O-O d6 10. Kh1 Qxe4 11. Nd2 Qg6 12. Bh5 Qd3 13. Be2 Qg6 14. Nb5 O-O
15. Nxc7 Rb8 16. Bxc5 dxc5 17. Nf3 Nxf3 18. Bxf3 Qb6 19. Nd5 Nxd5 20. Qxd5 Be6
21. Qd2 Rfd8 22. Qc2 Rd6 23. b3 Rbd8 24. Rad1 g6 25. Rxd6 Rxd6 26. Rd1 Bf5 27.
Rxd6 Qxd6 28. Qe2 b6 29. g3 Kg7 30. Kg2 Qf6 31. Qe3 g5 32. b4 cxb4 33. cxb4 h6
34. h3 Qe6 35. Qd4+ f6 36. g4 Qd7 37. Qxd7+ Bxd7 38. Be4 Bb5 39. h4 Kf7 40.
hxg5 fxg5 41. f4 Ke6 42. Kf3 Bc4 43. a3 Bb3 44. fxg5 hxg5 45. Ke3 Bd1 46. Bf5+
Kd5 47. Kd3 Bf3 48. Ke3 Bg2 49. Bd3 Ke5 50. Bc4 Bd5 51. Bd3 Be6 52. Be2 Kd5 53.
Kd3 Bd7 54. Bf3+ Ke5 55. Ke3 Bc8 56. Bd1 Be6 57. Bf3 Bd5 58. Bd1 Be4 59. Bb3
Bg6 60. Bd1 Be8 61. Bb3 a5 62. bxa5 bxa5 63. a4 Bc6 64. Bc2 Bd7 65. Bd1 Be6 66.
Be2 Bb3 67. Bb5 Ke6 68. Kd2 Kd6 69. Ke3 Bd1 70. Be2 Bxa4 71. Kd4 Bd7 72. Bf3 a4
73. Kc4 Ke5 74. Kb4 Kf4 75. Bd1 Ke3 76. Kc3 a3 77. Bc2 Bxg4 78. Kb3 Be6+ 79.
Kxa3 g4 80. Ba4 g3 81. Bc6 Bg4 82. Bg2 Kf2 0-1

[Event "EU-ch (Women) 11th"]
[Site "Rijeka"]
[Date "2010.03.07"]
[Round "2.68"]
[White "De Seroux, Camille"]
[Black "Tarasova, Viktoriya"]
[Result "0-1"]
[WhiteElo "2019"]
[BlackElo "2261"]
[PlyCount "116"]
[EventDate "2010.03.06"]
[EventType "swiss"]
[EventRounds "11"]
[EventCountry "CRO"]
[SourceDate "2010.03.06"]

1. e4 c5 2. Nf3 Nc6 3. d4 cxd4 4. Nxd4 Nf6 5. Nc3 d6 6. Bg5 e6 7. Qd2 a6 8.
O-O-O Qb6 9. Bxf6 gxf6 10. Nb3 h5 11. f4 Bd7 12. Kb1 Qc7 13. Be2 b5 14. a3 Rb8
15. Rhf1 b4 16. axb4 Nxb4 17. f5 Be7 18. Rf3 h4 19. Qf4 Nxc2 20. Rc1 Rxb3 21.
Nd5 Qb8 22. Rxb3 Qxb3 23. Nc7+ Kf8 24. Rxc2 Qb4 25. fxe6 fxe6 26. Bxa6 Kf7 27.
Qf3 Qa5 28. Bc4 Rc8 29. Nb5 Rxc4 30. Nxd6+ Bxd6 31. Rxc4 Bxh2 32. Qd1 Ke7 33.
Rd4 Be8 34. Qb3 Be5 35. Rb4 Bd7 36. Qc4 Qa7 37. Qc1 Qa6 38. Qh6 Qd3+ 39. Ka2
Qa6+ 40. Kb1 Qf1+ 41. Ka2 Qxg2 42. Qh7+ Kd8 43. Rb7 Bc6 44. Qh8+ Be8 45. Qxh4
Qc2 46. Qh7 Qc5 47. Ra7 Qc4+ 48. Kb1 Qd3+ 49. Ka2 Qc4+ 50. Kb1 Qc6 51. Ka2 Kc8
52. Ra3 Qb7 53. Qxb7+ Kxb7 54. Re3 Kb6 55. Kb3 Kc5 56. Kc2 Bb5 57. Rh3 Kd4 58.
Rh4 Bd3+ 0-1

[Event "EU-ch (Women) 11th"]
[Site "Rijeka"]
[Date "2010.03.07"]
[Round "2.70"]
[White "Yusuphanova, Saida"]
[Black "Toma, Katarzyna"]
[Result "0-1"]
[WhiteElo "1843"]
[BlackElo "2259"]
[PlyCount "100"]
[EventDate "2010.03.06"]
[EventType "swiss"]
[EventRounds "11"]
[EventCountry "CRO"]
[SourceDate "2010.03.06"]

1. e4 c5 2. Nf3 Nc6 3. d3 g6 4. g3 Bg7 5. Bg2 Nf6 6. O-O O-O 7. Re1 e5 8. Nbd2
Re8 9. a4 h6 10. c3 d5 11. exd5 Nxd5 12. Nc4 Bf5 13. Nh4 Be6 14. Nf3 Qc7 15.
Nfd2 Rad8 16. Ne4 b6 17. h3 Nde7 18. Qf3 f5 19. Ned2 Qd7 20. Bf1 g5 21. Kh2 Rf8
22. Qe2 Ng6 23. Bg2 Bd5 24. Nf3 Qf7 25. Ne3 Nce7 26. Nxd5 Nxd5 27. Bd2 g4 28.
Ng1 Nf6 29. b4 cxb4 30. cxb4 Qd7 31. Ra3 e4 32. Bf1 Ne5 33. Bf4 Nxd3 34. Qa2+
Qd5 35. Bxd3 Qxa2 36. Rxa2 Rxd3 37. hxg4 Nxg4+ 38. Kg2 Bc3 39. Rb1 Rfd8 40. Nh3
Be5 41. Bxe5 Nxe5 42. Nf4 Rd2 43. Rbb2 e3 44. Kf1 Nc4 45. Rc2 Kf7 46. b5 Kf6
47. Nh5+ Ke5 48. Nf4 R8d6 49. Ke1 exf2+ 50. Kf1 Ne3# 0-1

[Event "EU-ch (Women) 11th"]
[Site "Rijeka"]
[Date "2010.03.07"]
[Round "2.71"]
[White "Videnova, Iva"]
[Black "Tomulic, Vesna"]
[Result "1-0"]
[WhiteElo "2258"]
[BlackElo "1930"]
[PlyCount "39"]
[EventDate "2010.03.06"]
[EventType "swiss"]
[EventRounds "11"]
[EventCountry "CRO"]
[SourceDate "2010.03.06"]

1. e4 c5 2. Nf3 e6 3. d4 cxd4 4. Nxd4 a6 5. Bd3 Nc6 6. Nxc6 bxc6 7. O-O d5 8.
c4 Bb7 9. cxd5 cxd5 10. Qa4+ Qd7 11. Qxd7+ Kxd7 12. exd5 Bxd5 13. Nc3 Bc6 14.
Rd1 Bd6 15. Ne4 Bxe4 16. Bxe4 Rb8 17. Bf4 Rb6 18. Rac1 Ne7 19. Be3 Rb4 20.
Rxd6+ 1-0

[Event "EU-ch (Women) 11th"]
[Site "Rijeka"]
[Date "2010.03.07"]
[Round "2.72"]
[White "Starcevic, Andrea"]
[Black "Lomako, Anna"]
[Result "0-1"]
[WhiteElo "1712"]
[BlackElo "2258"]
[PlyCount "74"]
[EventDate "2010.03.06"]
[EventType "swiss"]
[EventRounds "11"]
[EventCountry "CRO"]
[SourceDate "2010.03.06"]

1. d4 d5 2. Bg5 Nd7 3. e3 Ngf6 4. Nf3 g6 5. c4 Bg7 6. Nbd2 O-O 7. Bd3 c5 8. O-O
b6 9. Rc1 Bb7 10. b3 Re8 11. cxd5 Nxd5 12. Nc4 Qc7 13. Bh4 Rad8 14. Bg3 Qc8 15.
Re1 Qa8 16. Bb1 cxd4 17. Nxd4 Nc5 18. Qe2 e5 19. Nf3 Nf4 20. exf4 exf4 21. Qf1
fxg3 22. fxg3 Ne4 23. a3 h6 24. b4 Nc3 25. Nfe5 Nxb1 26. Qxf7+ Kh8 27. Rxb1
Bxg2 28. Qxg6 Bd5 29. Qc2 b5 30. Ng6+ Kg8 31. Nce5 Qb8 32. Qf5 Be6 33. Qe4 Rd2
34. Rbd1 Qb6+ 35. Kh1 Bd5 36. Qxd5+ Rxd5 37. Rxd5 Qb7 0-1

[Event "EU-ch (Women) 11th"]
[Site "Rijeka"]
[Date "2010.03.07"]
[Round "2.73"]
[White "Sikorova, Olga"]
[Black "Kukic, Lora"]
[Result "1/2-1/2"]
[WhiteElo "2256"]
[BlackElo "1723"]
[PlyCount "82"]
[EventDate "2010.03.06"]
[EventType "swiss"]
[EventRounds "11"]
[EventCountry "CRO"]
[SourceDate "2010.03.06"]

1. f4 d5 2. Nf3 c5 3. e3 Nf6 4. b3 g6 5. Bb2 Bg7 6. Bb5+ Bd7 7. Bxd7+ Nbxd7 8.
O-O O-O 9. Ne5 Qc7 10. Qc1 b5 11. c4 dxc4 12. bxc4 b4 13. d4 a5 14. d5 Ne4 15.
Nxd7 Bxb2 16. Qxb2 Qxd7 17. Nd2 Nxd2 18. Qxd2 Qf5 19. Qe2 Qe4 20. f5 Ra6 21.
Rf4 Qe5 22. Raf1 Kg7 23. Qf3 Rf6 24. g4 g5 25. Re4 Qd6 26. Qe2 e6 27. dxe6 fxe6
28. Rd1 Qc6 29. Rxe6 Rxe6 30. fxe6 Qxe6 31. Rd5 Qe7 32. e4 Rd8 33. e5 h6 34. e6
Rxd5 35. cxd5 Kf6 36. Qb2+ Kg6 37. Qe5 Qf6 38. Qe4+ Kg7 39. Kg2 Qb2+ 40. Kf3
Qc3+ 41. Kg2 Qb2+ 1/2-1/2

[Event "EU-ch (Women) 11th"]
[Site "Rijeka"]
[Date "2010.03.07"]
[Round "2.74"]
[White "Fakhiridou, Ekaterini"]
[Black "Racki, Barbara"]
[Result "1-0"]
[WhiteElo "2252"]
[BlackElo "1698"]
[PlyCount "57"]
[EventDate "2010.03.06"]
[EventType "swiss"]
[EventRounds "11"]
[EventCountry "CRO"]
[SourceDate "2010.03.06"]

1. e4 e5 2. Nf3 Nc6 3. d4 exd4 4. Bc4 Nf6 5. e5 d5 6. Bb5 Ne4 7. Nxd4 Bd7 8.
Bxc6 bxc6 9. O-O Bc5 10. c3 O-O 11. f3 Ng5 12. f4 Ne4 13. Nd2 Nxd2 14. Bxd2 Qh4
15. Kh1 Rae8 16. b4 Bb6 17. a4 Bxd4 18. cxd4 f6 19. Rc1 fxe5 20. dxe5 Re6 21.
Be1 Qe7 22. Bg3 Rg6 23. b5 Qd8 24. bxc6 Bxc6 25. f5 Rxg3 26. hxg3 Bb7 27. Qd4
Qg5 28. Rxc7 Bc8 29. f6 1-0

[Event "EU-ch (Women) 11th"]
[Site "Rijeka"]
[Date "2010.03.07"]
[Round "2.75"]
[White "Goslawska, Cecylia"]
[Black "Drljevic, Ljilja"]
[Result "0-1"]
[WhiteElo "1683"]
[BlackElo "2248"]
[PlyCount "62"]
[EventDate "2010.03.06"]
[EventType "swiss"]
[EventRounds "11"]
[EventCountry "CRO"]
[SourceDate "2010.03.06"]

1. d4 d6 2. Nf3 Nf6 3. Bf4 g6 4. h3 Bg7 5. e3 O-O 6. Bd3 Nfd7 7. c3 e5 8. Bg3
Qe7 9. Nbd2 Nc6 10. O-O Nf6 11. dxe5 dxe5 12. Bc2 h6 13. Qe2 a5 14. Qb5 Rd8 15.
Rfd1 Rd5 16. Qe2 a4 17. Ne4 Be6 18. Nxf6+ Bxf6 19. Be4 Rxd1+ 20. Qxd1 Qc5 21.
Qc2 Bg7 22. Ne1 f5 23. Bd3 e4 24. Be2 a3 25. b4 Qxc3 26. Rc1 Qxc2 27. Nxc2 Bxa2
28. b5 Ne5 29. Nb4 Bf7 30. Rxc7 Nd3 31. Rxb7 Nxb4 0-1